Εγχειρίδιον κρεωσκοπίας : ήτοι εκτίμησις των προς διατροφήν του ανθρώπου χρησιμευόντων πάντοιων κρεάτων
Αποθηκεύτηκε σε:
| Κύριος συγγραφέας: | |
|---|---|
| Μορφή: | Βιβλίο |
| Γλώσσα: | Greek |
| Δημοσίευση: |
Αθήνησιν :
Εκ του Τυπογραφείου των αδελφών Περρή,
1887
|
| Θέματα: | |
| Διαθέσιμο Online: | http://hdl.handle.net/11610/16473 |
| Ετικέτες: |
Προσθήκη ετικέτας
Δεν υπάρχουν, Καταχωρήστε ετικέτα πρώτοι!
|
MARC
| LEADER | 00000cam a2200000 i 4500 | ||
|---|---|---|---|
| 001 | 1/29090 | ||
| 008 | 130425s1887 gre d | ||
| 035 | |l 10114314 | ||
| 040 | |a GR-MY-UA |b gre |e aacr | ||
| 041 | 0 | |a gre | |
| 082 | 0 | |a 664.9 |2 (22) | |
| 100 | 1 | |a Πιλάβιος, Γεώργιος Ν. | |
| 245 | 1 | 0 | |a Εγχειρίδιον κρεωσκοπίας : |b ήτοι εκτίμησις των προς διατροφήν του ανθρώπου χρησιμευόντων πάντοιων κρεάτων / |c υπό Γεωγίου Ν. Πιλάβιου |
| 246 | 3 | 3 | |a Κρεωσκοπία |
| 260 | |a Αθήνησιν : |b Εκ του Τυπογραφείου των αδελφών Περρή, |c 1887 | ||
| 300 | |a ή, 184 σ. [1] αναδιπλ. φύλλο με πίν.; |b πίν.; |c 23 εκ. | ||
| 500 | |a Υπάρχει ψηφιακό αντίγραφο. | ||
| 500 | |a Στο πάνω μέρος της σ.τ. "Δημόσια Υγιεινή". | ||
| 500 | |a Στο verso υπάρχει ετικέτα "Πόνος και επιμέλεια του διευθυντού Τη Πορφυριάδι Σχολή 1898-1899. Στo recto υπάρχει σφραγίδα της Πορφυριάς Αστικής Σχολής Καρλοβασίων με αρ. 1184. | ||
| 650 | 0 | 0 | |a Meat. |
| 650 | 0 | 0 | |a Diet. |
| 852 | |a INST |b SAMOS |c PORFYRIADA |e 20130425 |h 664.9 ΠΙΛ |p 005300040019 |q 005300040019 |t NOLOAN |y 23 | ||
| 856 | |u http://hdl.handle.net/11610/16473 | ||
| 901 | |a BIBL3-2013-1 | ||
| 909 | |a Σ |b 178225 | ||
| 970 | |a ΚΟΣΙΕΡΗΣ |b ΧΡΗΣΤΟΣ |z 2013/04/25 | ||